The Greater Yellowstone ecosystem : (Record no. 2387)
[ view plain ]
| 000 -LEADER | |
|---|---|
| fixed length control field | 01218pam a2200253 4500 |
| 001 - CONTROL NUMBER | |
| control field | 2969 |
| 005 - DATE AND TIME OF LATEST TRANSACTION | |
| control field | 20181127170149.0 |
| 008 - FIXED-LENGTH DATA ELEMENTS--GENERAL INFORMATION | |
| fixed length control field | 910220s1991 ctuab b 101 0 eng |
| 010 ## - LIBRARY OF CONGRESS CONTROL NUMBER | |
| LC control number | 91010623 |
| 020 ## - INTERNATIONAL STANDARD BOOK NUMBER | |
| International Standard Book Number | 0300049706 (alk. paper) |
| 043 ## - GEOGRAPHIC AREA CODE | |
| Geographic area code | n-us-wy |
| -- | n-us-mt |
| -- | n-us-id |
| 245 04 - TITLE STATEMENT | |
| Title | The Greater Yellowstone ecosystem : |
| Remainder of title | redefining America's wilderness heritage / |
| Statement of responsibility, etc. | Robert B. Keiter and Mark S. Boyce, editors ; with a foreword by Luna B. Leopold. |
| 260 ## - PUBLICATION, DISTRIBUTION, ETC. | |
| Place of publication, distribution, etc. | New Haven : |
| Name of publisher, distributor, etc. | Yale University Press, |
| Date of publication, distribution, etc. | c1991. |
| 300 ## - PHYSICAL DESCRIPTION | |
| Extent | xv, 430 p. : |
| Other physical details | ill., maps ; |
| Dimensions | 25 cm. |
| 500 ## - GENERAL NOTE | |
| General note | Papers from a symposium on the Greater Yellowstone Ecosystem, hosted by the University of Wyoming in Apr., 1989. |
| 504 ## - BIBLIOGRAPHY, ETC. NOTE | |
| Bibliography, etc. note | Includes bibliographical references and index. |
| 650 #0 - SUBJECT ADDED ENTRY--TOPICAL TERM | |
| Topical term or geographic name entry element | Ecology |
| Geographic subdivision | Yellowstone National Park Region |
| General subdivision | Congresses. |
| Topical term or geographic name entry element | Environmental policy |
| Geographic subdivision | Yellowstone National Park Region |
| General subdivision | Congresses. |
| Topical term or geographic name entry element | Fire ecology |
| Geographic subdivision | Yellowstone National Park Region |
| General subdivision | Congresses. |
| Topical term or geographic name entry element | Wildlife conservation |
| Geographic subdivision | Yellowstone National Park Region |
| General subdivision | Congresses. |
| Topical term or geographic name entry element | Wildlife reintroduction |
| Geographic subdivision | Yellowstone National Park Region |
| General subdivision | Congresses. |
| 700 1# - ADDED ENTRY--PERSONAL NAME | |
| Personal name | Boyce, Mark S. |
| Personal name | Keiter, Robert B., |
| Dates associated with a name | 1946- |
| Withdrawn status | Lost status | Source of classification or shelving scheme | Damaged status | Not for loan | Collection code | Home library | Current library | Shelving location | Serial Enumeration / chronology | Inventory number | Total Checkouts | Full call number | Barcode | Date last seen | Price effective from | Koha item type |
|---|---|---|---|---|---|---|---|---|---|---|---|---|---|---|---|---|
| Dewey Decimal Classification | Main TEST | RTC Library | RTC Library | Main opac | 1786 | 333.95 KEI | 30001787 | 27/11/2018 | 27/11/2018 | Main |